Logo BPK

Biblioteka

Politechniki Koszalińskiej

The Nuclear Independent Particle Model. The Shell and Optical Models / (Rekord nr 12422)

Szczegóły MARC
000 -ETYKIETA REKORDU
podpole kontrolne o stałej długości 00491nam a2200181 i 4500
001 - NUMER KONTROLNY REKORDU
pole kontrolne bg
040 ## - ŹRÓDŁO KATALOGOWANIA
Instytucja, która utworzyła rekord BPK
041 ## - KOD JĘZYKA
Kod języka tekstu pol
080 ## - UNIWERSALNA KLASYFIKACJA DZIESIĘTNA - UKD
UKD 621.039
008 - POLE O STAŁEJ DŁUGOŚCI - DANE KONTROLNE
podpole kontrolne o stałej długości s pl f |000 0 pol
100 1# - NAZWA OSOBOWA
Nazwa osobowa GREEN, A. E.
245 #0 - TYTUŁ/ODPOWIEDZIALNOŚĆ
Tytuł The Nuclear Independent Particle Model. The Shell and Optical Models /
Pozostałe elementy strefy tytułu i oznaczenia odpowiedzialności A. E. Green, T. Sawada, D. S. Saxon.
260 ## - STREFA ADRESU WYDAWNICZEGO
Miejsce wydania New York :
Nazwa wydawcy/dystrybutora Academic Press,
Data publikacji, dystrybucji/powstania dokumentu 1968.
300 ## - STREFA OPISU FIZYCZNEGO
Objętość s. 363.
700 1# - HASŁO DODATKOWE - NAZWA OSOBOWA
Nazwa osobowa SAWADA, T.
700 1# - HASŁO DODATKOWE - NAZWA OSOBOWA
Nazwa osobowa SAXON, D. S.
856 ## - LOKALIZACJA I DOSTĘP DO ELEKTRONICZNYCH DOKUMENTÓW ZDALNYCH
Link (URL) http://koha.tu.koszalin.pl/cgi-bin/koha/opac-detail.pl?biblionumber=12422
Tekst linku Katalog online BPK
942 ## - DODATKOWE ELEMENTY (KOHA)
Typ dokumentu Książka
Egzemplarze
Wycofany Status egzemplarza Uszkodzony Dostępność Lokalizacja stała Lokalizacja bieżąca Miejsce przechowywania Sygnatura Kod kreskowy Typ dokumentu
      Dostępny Biblioteka Politechniki Koszalińskiej Biblioteka Politechniki Koszalińskiej Wypożyczalnia BG 6863 01784886 Książka
© 2023 Biblioteka Politechniki Koszalińskiej :: KOHA